000 03112nam2a22005291 4500
001 v19\rc\1775897
005 20251118181650.0
035 _a(NLR Aleph) 005250250
090 _a5796304
_c5796304
100 _a20061204d1905 u y0rusy50 ca
101 0 _arus
102 _aRU
105 _ay z |||a|
135 _acrmn mmmaaada
200 1 _aПовести и рассказы
210 _d1905
215 _a[4], 574, 2 с.
325 _aКопия доступна в Электрон. б-ке РНБ http://vivaldi.nlr.ru/bv000030139/view
327 1 _aСодерж.: Село Степанчиково и его обитатели: из записок неизвестного; Скверный анекдот: рассказ; Зимние заметки о летних впечатлениях; Записки из подполья: повесть; Крокодил: необыкновенное событие, или пассаж в Пассаже: повесть; Игрок: роман: (из записок молодого человека)
461 0 _1001v19\rc\1775894
_12001#$aПолное собрание сочинений Ф.М. Достоевского$vТ. 3
_95796280
_aДостоевский, Ф. М. (1821-1881)
_cСанкт-Петербург
_d1904-1906
_eЮбилейное (6-е) изд.
_nиздатель А.Г. Достоевская
_p14 т.
_tПолное собрание сочинений Ф.М. Достоевского
_vТ. 3
464 0 _12001#$aЗаписки из подполья$eповесть
_tЗаписки из подполья
464 0 _12001#$aЗимние заметки о летних впечатлениях
_tЗимние заметки о летних впечатлениях
464 0 _12001#$aИгрок$eроман$e(из записок молодого человека)
_tИгрок
464 0 _12001#$aКрокодил$eНеобыкновенное событие, или пассаж в Пассаже$eповесть
_tКрокодил
464 0 _12001#$aСело Степанчиково и его обитатели$eиз записок неизвестного
_tСело Степанчиково и его обитатели
464 0 _12001#$aСкверный анекдот$eрассказ
_tСкверный анекдот
686 0 _aШ5(2=Р)52-4
801 0 _aRU
_bNLR
_gpsbo
801 0 _aRU
_bRuMoRGB
_2psbo
801 1 _aRU
_bProSoft-M
_2rusmarc
801 2 _aRU
_bNLR
_c20110321
_2rusmarc
852 _aNLR
_j37.8.3.1(3)
852 _aNLR
_j132/5322
856 0 _uhttp://vivaldi.nlr.ru/bv000030139/view
856 1 _uhttp://vivaldi.nlr.ru/bv000030139/cover
856 2 _uhttp://vivaldi.nlr.ru/bv000030139/text
899 _aRuMoRGB
_jA 210/3
899 _aRuMoRGB
_jA 183/5
899 _aБАН
899 _aНБ СПбГУ
899 _aГПИБ
899 _aНБ МГУ
942 _cBOOK
980 _aNB
981 3 3 _a(33) Художественная литература
_b(33) Отечественная литература